000
00248nam a22001097a 4500
082
_a
621.381 HIG'P
100
_a
HIGGINS, J. C
_9
76155
245
_a
PROBLEMS IN ELECTRONICS
260
_a
LONDON
_b
EDWARD ARNOLD
_c
1964
300
_a
288P
942
_c
BK
999
_c
584624
_d
584624